000 00751nam a2200253Ia 4500
001 PASb10774695
003 CP
005 20220630113137.0
008 841015s1983 sp a j 000 1 spa d
020 _a8423312437
020 _a9788423312436
040 _aMZN
_cMZN
_dCGL
041 _aspa
090 _aPZ73.B35
_bZ37
100 1 _aBalzola, Asun.
245 1 4 _aLos zapatos de Munia /
_cAsun Balzola.
260 _aBarcelona :
_bEdiciones Destino,
_c1983.
300 _a22 p. :
_bcol. ill. ;
_c29 cm.
520 _aAlthough she has followed her mother's advice and avoided jumping into puddles, Munia's shoes seem to be shrinking.
650 1 _aSize
_vFiction.
650 1 _aGrowth
_vFiction.
650 1 _aShoes
_vFiction.
942 _cBK
_2ddc
999 _c27194
_d27194